Изучение адсорбции b-нафталинсульфокислоты (натриевой соли) на ртути; Материалы научно-практической конференции, посвященной 85-летию ХТФ (Томск, 21-23 мая 1985 г.)

গ্রন্থ-পঞ্জীর বিবরন
Parent link:Материалы научно-практической конференции, посвященной 85-летию ХТФ (Томск, 21-23 мая 1985 г.).— 1985.— С. 20-24
প্রধান লেখক: Дудина А. Н. Александра
অন্যান্য লেখক: Обливанцев Ю. Н. Юрий Николаевич, Семенова А. В. Анна Васильевна
সংক্ষিপ্ত:Деп. в ОНИИТЭХим г. Черкассы 17.07.85, № 720-ХП-85.
ভাষা:রুশ
প্রকাশিত: 1985
বিষয়গুলি:
বিন্যাস: MixedMaterials গ্রন্থের অধ্যায়
KOHA link:https://koha.lib.tpu.ru/cgi-bin/koha/opac-detail.pl?biblionumber=594406

MARC

LEADER 00000naa0a2200000 4500
001 594406
005 20250206162846.0
029 0 0 |a SU  |b 720-ХП-85  |f ОНИИТЭХим 
035 |a (RuTPU)RU\TPU\tpu\9552 
035 |a RU\TPU\tpu\9551 
090 |a 594406 
100 |a 20021001d1985 k y0rusy50 ca 
101 0 |a rus 
102 |a RU 
200 1 |a Изучение адсорбции b-нафталинсульфокислоты (натриевой соли) на ртути  |f А. Н. Дудина, Ю. Н. Обливанцев, А. В. Семенова 
300 |a Деп. в ОНИИТЭХим г. Черкассы 17.07.85, № 720-ХП-85. 
463 |t Материалы научно-практической конференции, посвященной 85-летию ХТФ (Томск, 21-23 мая 1985 г.)  |o секция электрохимии  |v С. 20-24  |d 1985 
610 1 |a труды учёных ТПУ 
700 1 |a Дудина  |b А. Н.  |c ХТФ  |g Александра  |3 (RuTPU)RU\TPU\pers\6348 
701 1 |a Обливанцев  |b Ю. Н.  |c кандидат химичеких наук  |c ХТФ  |g Юрий Николаевич  |3 (RuTPU)RU\TPU\pers\6349 
701 1 |a Семенова  |b А. В.  |c ХТФ  |g Анна Васильевна  |3 (RuTPU)RU\TPU\pers\6350 
801 2 |a RU  |b 63413507  |c 20100210  |g PSBO 
942 |c BK